000 00672nam a2200241Ia 4500
003 OSt
005 20220918222531.0
006 a|||||r|||| 00| 0
007 ta
008 220917b |||||||| |||| 00| 0 eng d
024 _a217,212
037 _cTextual
040 _aARTS
_cARTS
_beng
041 _2eng
_aeng
082 _aV49G:1.N9, P3
100 _aMalhotra Inder
_9100158
245 0 _aDynasties of India and beyond
_b Pakistan, Sri Lanka, Bangladesh
260 _aNew Delhi
_bHarper Collins Publishers
_c2003
300 _a363p.
_ccm.
650 _aHISTORY
942 _hV49G:1.N9, P3
_cTEXL
_2CC
999 _c275810
_d275810